| 000 | 00946cam a2200289 i 4500 | ||
|---|---|---|---|
| 001 | 360611 | ||
| 003 | ARRUPE | ||
| 005 | 20140930163751.0 | ||
| 008 | 771011s1978 pau b 000 0 eng | ||
| 010 | _a 77078638 | ||
| 020 | _a0800615077 | ||
| 040 |
_aDLC _cDLC _dDLC |
||
| 050 | 0 | 0 |
_aBT202 _b.P66 |
| 082 | 0 | 0 | _a226/.2/063 |
| 100 | 1 |
_aPregeant, Russell. _911879 |
|
| 245 | 1 | 0 |
_aChristology beyond dogma : _bMatthew's Christ in process hermeneutic / _cby Russell Pregeant. |
| 260 |
_aPhiladelphia : _bFortress Press, _cc1978. |
||
| 300 |
_a176 p. ; _c22 cm. |
||
| 490 | 0 | _aSemeia supplements | |
| 504 | _aBibliography: p. 171-176. | ||
| 600 | 0 | 0 |
_aJesus Christ _xPerson and offices. _911880 |
| 630 | 0 | 0 |
_aBible. _pMatthew _xCriticism, interpretation, etc. _911881 |
| 630 | 0 | 0 |
_aBible. _pMatthew _xHermeneutics. _911882 |
| 650 | 0 |
_aProcess theology. _911883 |
|
| 906 |
_a7 _bcbc _corignew _d1 _eopcn _f19 _gy-gencatlg |
||
| 942 |
_2lcc _cMONOGRAPH |
||
| 999 |
_c121021 _d121021 |
||